| 000 | 00676nam a2200217 a 4500 | ||
|---|---|---|---|
| 005 | 20140310183230.0 | ||
| 008 | 040414s19uu xx 00 eng d | ||
| 020 | _a0471983926 | ||
| 050 |
_aTX 911.3.M27 _b.B38 1999 |
||
| 100 | _aBaum, Thomas | ||
| 245 |
_aEconomic and management methods for tourism and hospitality research / _cThomas Baum |
||
| 260 |
_aEngland : _bJohn Wiley and Sons, _c1999. |
||
| 300 |
_a282 p. : _c23 cm. |
||
| 521 | _aTOU | ||
| 650 |
_aHospitality industry _xManagement. |
||
| 650 |
_aHospitality industry _xEconomic aspects. |
||
| 650 |
_aTourist trade _xEconomic aspects. |
||
| 700 | _aMudambi, Ram | ||
| 942 |
_cBK _2lcc _kFOR |
||
| 999 |
_c20489 _d20489 |
||